[Event "Tournament 14475 - Europe Echecs"]
[Site "Europe Echecs"]
[Date "2020.07.12"]
[Round "4"]
[Time "15:36:57"]
[PlyCount "118"]
[White "GuerinJuliette"]
[Black "HeilerLucas"]
[WhiteElo "1918"]
[BlackElo "1463"]
[Mode "WEB"]
[Result "1-0"]

1. e4 e6 2. d4 d5 3. Nd2 dxe4 4. Nxe4 Nf6 5. Bg5 Be7 6. Ng3 h6 7. Be3 O-O 8. Nf3
Nc6 9. Bd3 Nb4 10. Be2 b6 11. O-O Bb7 12. c4 Ng4 13. Bf4 Bd6 14. Ne5 Nxe5 15.
dxe5 Bxe5 16. Bxe5 c5 17. Bf3 Bxf3 18. Qxf3 Qd3 19. Qg4 Qg6 20. Qxg6 fxg6 21.
Bc3 Nd3 22. Rad1 Rad8 23. Rd2 Nf4 24. Rfd1 Rxd2 25. Rxd2 h5 26. Rd7 Rf7 27. Rxf7
Kxf7 28. f3 g5 29. Kf2 g6 30. Ne2 Nd3+ 31. Ke3 Nf4 32. Nxf4 gxf4+ 33. Kxf4 a6
34. Ke5 g5 35. Bd2 g4 36. fxg4 hxg4 37. Kf4 b5 38. cxb5 axb5 39. Kxg4 c4 40. Bc3
b4 41. Bxb4 c3 42. Bxc3 e5 43. Bxe5 Ke6 44. Bc3 Kd5 45. h4 Kc4 46. h5 Kd3 47. h6
Ke3 48. h7 Kf2 49. h8=Q Kg1 50. Bd4+ Kf1 51. Qh1+ Ke2 52. Qh3 Kf1 53. g3+ Ke2
54. Qg2+ Kd3 55. Qf3+ Kc4 56. Kf4 Kb4 57. Qc3+ Kb5 58. Qc5+ Ka6 59. Qb6# {HeilerLucas est échec et mat} 1-0

[Event "Tournament 14475 - Europe Echecs"]
[Site "Europe Echecs"]
[Date "2020.07.12"]
[Round "4"]
[Time "15:36:57"]
[PlyCount "157"]
[White "BOUMRARAyrad"]
[Black "NoirMathys"]
[WhiteElo "1431"]
[BlackElo "1897"]
[Mode "WEB"]
[Result "0-1"]

1. d4 Nf6 2. c4 g6 3. Nc3 Bg7 4. e4 d6 5. Nf3 O-O 6. Be2 e5 7. O-O Nc6 8. d5 Ne7
9. Nd2 Ne8 10. b4 f5 11. c5 f4 12. Nc4 g5 13. a4 Nf6 14. f3 h5 15. Ba3 Ng6 16.
cxd6 cxd6 17. b5 Ne8 18. b6 a6 19. Rb1 g4 20. fxg4 Qg5 21. Nxd6 Nxd6 22. Bxd6
Rf6 23. Bc7 hxg4 24. Bd8 f3 25. Bxf6 Qe3+ 26. Kh1 fxg2+ 27. Kxg2 Qh3+ 28. Kh1 g3
29. Rf2 gxf2 30. Bxg7 Qxc3 31. Rc1 Qe1+ 32. Qxe1 fxe1=Q+ 33. Rxe1 Kxg7 34. Rg1
Kf6 35. Rf1+ Nf4 36. Bf3 Bh3 37. Rc1 Rc8 38. Rd1 Rc3 39. Bh5 Nxh5 40. d6 Bd7 41.
Kg1 Nf4 42. Kf2 Rd3 43. Rc1 Rxd6 44. Rc7 Bc6 45. Rh7 Rd2+ 46. Kf3 Rd3+ 47. Kf2
Rh3 48. Rc7 Rxh2+ 49. Ke1 Nd3+ 50. Kf1 Rf2+ 51. Kg1 Rc2 52. a5 Nf4 53. Kf1 Bb5+
54. Kg1 Rxc7 55. bxc7 Bd7 56. Kf2 Ne6 57. Ke3 Nxc7 58. Kd3 Bb5+ 59. Kc3 Ke7 60.
Kb4 Kd6 61. Kc3 Kc5 62. Kd2 Kd4 63. Kc2 Kxe4 64. Kd2 Kd4 65. Kc2 e4 66. Kd2 e3+
67. Ke1 e2 68. Kd2 Nd5 69. Ke1 Kd3 70. Kf2 Kd2 71. Kg3 e1=Q+ 72. Kg4 Qf2 73. Kg5
Qf3 74. Kg6 Qf4 75. Kh5 Qg3 76. Kh6 Qg4 77. Kh7 Ne7 78. Kh8 Qg8# {BOUMRARAyrad est échec et mat} 0-1

[Event "Tournament 14475 - Europe Echecs"]
[Site "Europe Echecs"]
[Date "2020.07.12"]
[Round "4"]
[Time "15:36:57"]
[PlyCount "84"]
[White "LecciaThomas"]
[Black "ChevillonCelia"]
[WhiteElo "1893"]
[BlackElo "1433"]
[Mode "WEB"]
[Result "1-0"]

1. e4 e5 2. Nf3 Nc6 3. d4 exd4 4. Bc4 Bc5 5. c3 d3 6. Qxd3 d6 7. O-O Nge7 8. b4
Bb6 9. a4 a6 10. Bf4 O-O 11. Na3 Ng6 12. Bg3 Nge5 13. Nxe5 Nxe5 14. Qd2 Re8 15.
Rfe1 Nxc4 16. Nxc4 Ba7 17. Rad1 b5 18. axb5 axb5 19. Na5 Bb6 20. Nc6 Qd7 21. Nd4
Bb7 22. Qf4 Bxd4 23. Rxd4 Qe6 24. f3 Ra3 25. Qc1 Rea8 26. e5 dxe5 27. Bxe5 Qb6
28. Bxc7 Qxc7 29. Qxa3 h6 30. Qb3 Rc8 31. Qc2 Qb6 32. Kf1 g6 33. Qd3 Kg7 34. Rd6
Qc7 35. Qd4+ Kg8 36. Rd7 Qb8 37. Ree7 Re8 38. Rxf7 Re1+ 39. Kxe1 Qe8+ 40. Rfe7
Qxe7+ 41. Rxe7 Bxf3 42. Qg7# {ChevillonCelia est échec et mat} 1-0

[Event "Tournament 14475 - Europe Echecs"]
[Site "Europe Echecs"]
[Date "2020.07.12"]
[Round "4"]
[Time "15:36:57"]
[PlyCount "65"]
[White "GavilaQuentin"]
[Black "courjalpauline"]
[WhiteElo "1199"]
[BlackElo "1848"]
[Mode "WEB"]
[Result "0-1"]

1. e4 e6 2. Nf3 d5 3. exd5 exd5 4. d4 Bd6 5. Bd3 Ne7 6. O-O Nbc6 7. c3 Bg4 8. h3
Bh5 9. Bg5 f6 10. Be3 Qd7 11. Nbd2 O-O-O 12. a4 g5 13. a5 g4 14. hxg4 Bxg4 15.
a6 Rdg8 16. axb7+ Kb8 17. Bh6 Bh3 18. g3 Bxf1 19. Bxf1 Qg4 20. Qe2 Rg6 21. Be3
h5 22. Bg2 h4 23. Nf1 hxg3 24. fxg3 Bxg3 25. Ra3 Nf5 26. Bd2 Bd6 27. Ra6 Qh5 28.
Rxc6 Qh1+ 29. Kf2 Rxg2+ 30. Ke1 Rxe2+ 31. Kxe2 Qg2+ 32. Ke1 Qxf3 {GavilaQuentin a abandonné} 0-1

[Event "Tournament 14475 - Europe Echecs"]
[Site "Europe Echecs"]
[Date "2020.07.12"]
[Round "4"]
[Time "15:36:57"]
[PlyCount "116"]
[White "TritonMaxime"]
[Black "SepahpourSherv"]
[WhiteElo "1843"]
[BlackElo "1398"]
[Mode "WEB"]
[Result "1-0"]

1. e4 c5 2. Nf3 e6 3. b3 Nc6 4. Bb2 Nge7 5. d4 cxd4 6. Nxd4 d5 7. Bb5 Bd7 8. O-O
a6 9. Bd3 dxe4 10. Bxe4 Ng6 11. Re1 Bc5 12. Nxc6 bxc6 13. Bxg7 Rg8 14. Bd4 Bb4
15. c3 Be7 16. Nd2 e5 17. Be3 Bg5 18. Nc4 f5 19. Nd6+ Kf8 20. Bxf5 Bxf5 21. Nxf5
Qf6 22. Qd6+ Qxd6 23. Nxd6 Bxe3 24. Rxe3 Nf4 25. g3 Nd5 26. Rxe5 Rd8 27. Ne4 Rg6
28. Rd1 Rb8 29. c4 Nb4 30. Rd2 a5 31. Rxa5 Re8 32. f3 c5 33. Rxc5 Na6 34. Rf5+
Kg7 35. Rd7+ Kh8 36. Rff7 Rh6 37. Rxh7+ Rxh7 38. Rxh7+ Kxh7 39. Nf6+ Kg6 40.
Nxe8 Nb4 41. a4 Nd3 42. a5 Nc5 43. Nc7 Nxb3 44. a6 Nd2 45. a7 Nxf3+ 46. Kf2 Nd4
47. a8=Q Nf5 48. g4 Ng7 49. Qe4+ Kf7 50. Qe5 Kg8 51. Nd5 Kh8 52. Ne7 Kh7 53. Nf5
Ne8 54. Qe7+ Kg6 55. Qxe8+ Kg5 56. Kf3 Kf6 57. Qe7+ Kg6 58. Qg7# {SepahpourSherv est échec et mat} 1-0

[Event "Tournament 14475 - Europe Echecs"]
[Site "Europe Echecs"]
[Date "2020.07.12"]
[Round "4"]
[Time "15:36:57"]
[PlyCount "129"]
[White "ChevillonManon"]
[Black "DesfontaineVin"]
[WhiteElo "1356"]
[BlackElo "1620"]
[Mode "WEB"]
[Result "0-1"]

1. e4 c5 2. Nf3 d6 3. d4 cxd4 4. Nxd4 Nf6 5. Nc3 a6 6. Be3 e6 7. Bc4 b5 8. Bb3
Be7 9. a3 O-O 10. Qd2 Qc7 11. f3 Bd7 12. O-O-O Nc6 13. Kb1 Rab8 14. g4 Nxd4 15.
Bxd4 Bc6 16. Bxf6 Bxf6 17. h4 d5 18. g5 Be5 19. h5 d4 20. Ne2 a5 21. f4 a4 22.
h6 axb3 23. fxe5 Bxe4 24. Nxd4 bxc2+ 25. Nxc2 Bxh1 26. Rxh1 Qxe5 27. Re1 Qf5 28.
Ka1 Rfd8 29. Qh2 Rbc8 30. Ne3 Qg6 31. hxg7 Kxg7 32. Qe5+ Kg8 33. Ng4 Qg7 34.
Nf6+ Kf8 35. Rh1 Qg6 36. Nxh7+ Ke7 37. Nf6 Qf5 38. Qxf5 exf5 39. Re1+ Kd6 40.
Rf1 Rc5 41. Ka2 Kc6 42. Rf2 Re5 43. Rf1 Rd6 44. Nh5 Rd2 45. Nf6 Ree2 46. Rb1 Rg2
47. Rf1 Rxb2+ 48. Ka1 Ra2+ 49. Kb1 Rgb2+ 50. Kc1 Ra1+ 51. Kxb2 Rxf1 52. Kc2 Rg1
53. Ne8 Rxg5 54. Kb3 f4 55. Kb4 f3 56. Nf6 f2 57. Ne4 Rg4 58. Kb3 Rxe4 59. Kc2
f1=Q 60. Kd2 Qe1+ 61. Kc2 Rc4+ 62. Kd3 Qc3+ 63. Ke2 Re4+ 64. Kd1 Re1# {ChevillonManon est échec et mat} 0-1

[Event "Tournament 14475 - Europe Echecs"]
[Site "Europe Echecs"]
[Date "2020.07.12"]
[Round "4"]
[Time "15:36:57"]
[PlyCount "115"]
[White "DhenninTanguy"]
[Black "BachyLouis"]
[WhiteElo "1160"]
[BlackElo "1264"]
[Mode "WEB"]
[Result "0-1"]

1. e4 c5 2. d4 cxd4 3. Nf3 d6 4. Nxd4 Nf6 5. Nc3 g6 6. Bg5 Bg7 7. Qd2 h6 8. Be3
Ng4 9. Be2 Nxe3 10. Qxe3 O-O 11. O-O-O Nc6 12. Nf3 Qa5 13. a3 Be6 14. Rhg1 Rfc8
15. Nd2 Ne5 16. f4 Nc4 17. Nxc4 Bxc4 18. Bg4 Rc5 19. Bh3 Bxc3 20. Qxc3 Qxc3 21.
bxc3 Bb5 22. g4 Rxc3 23. Bg2 Bc6 24. Kb2 Rc4 25. Rde1 Rc8 26. h4 Bd7 27. Re2
Bxg4 28. Rf2 b6 29. Bf1 Rxe4 30. Rxg4 h5 31. Rgg2 Rc5 32. Bd3 Rd4 33. f5 Rxh4
34. fxg6 f6 35. Re2 Re5 36. Rd2 Kg7 37. Be2 Rg5 38. Rf2 Kxg6 39. Bd3+ Kg7 40.
Rde2 e5 41. Rd2 Rd4 42. c3 Rd5 43. Rf1 e4 44. Rfd1 exd3 45. Rxd3 Rxd3 46. Rxd3
d5 47. Re3 Kf7 48. Rf3 Ke6 49. Re3+ Re5 50. Rf3 f5 51. Rh3 f4 52. Rf3 Kf5 53. a4
Re3 54. Rf2 f3 55. Kb3 d4 56. Kc2 Rxc3+ 57. Kd2 Ra3 {DhenninTanguy a perdu au temps} 0-1

[Event "Tournament 14475 - Europe Echecs"]
[Site "Europe Echecs"]
[Date "2020.07.12"]
[Round "4"]
[Time "15:36:57"]
[PlyCount "122"]
[White "StrichardHadri"]
[Black "TighargharElio"]
[WhiteElo "1199"]
[BlackElo "1119"]
[Mode "WEB"]
[Result "1-0"]

1. e4 e5 2. Nf3 d6 3. Bc4 Nc6 4. c3 Bg4 5. d3 Bxf3 6. Qxf3 Qf6 7. Qxf6 Nxf6 8.
Be3 a6 9. Nd2 O-O-O 10. O-O d5 11. exd5 Nxd5 12. Rfe1 Nxe3 13. Rxe3 f6 14. Ne4
b5 15. Be6+ Kb7 16. a4 b4 17. cxb4 Nxb4 18. Ra3 a5 19. Rc3 Kb6 20. Bc4 c5 21.
Re1 Be7 22. Rec1 Rd4 23. Rb3 Rhd8 24. Rcc3 h6 25. Ng3 g6 26. Ne2 Rxc4 27. Rxc4
Rxd3 28. Rxd3 Nxd3 29. Rc2 e4 30. Nc3 Kc6 31. Nxe4 Nb4 32. Rd2 Nd5 33. g3 f5 34.
Nc3 Nxc3 35. bxc3 Bd6 36. c4 g5 37. Re2 f4 38. Re6 fxg3 39. hxg3 h5 40. Rg6 h4
41. Rxg5 hxg3 42. fxg3 Be7 43. Rg6+ Kb7 44. g4 Bh4 45. g5 Kc7 46. Kg2 Kd7 47.
Kh3 Bf2 48. Ra6 Be1 49. g6 Bc3 50. Ra7+ Ke8 51. g7 Bxg7 52. Rxg7 Kd8 53. Rg5 Kc8
54. Rxc5+ Kb7 55. Rb5+ Ka6 56. c5 Ka7 57. c6 Ka6 58. c7 Ka7 59. Rb3 Ka6 60.
c8=Q+ Ka7 61. Qb7# {TighargharElio est échec et mat} 1-0

[Event "Tournament 14475 - Europe Echecs"]
[Site "Europe Echecs"]
[Date "2020.07.12"]
[Round "4"]
[Time "15:36:57"]
[PlyCount "46"]
[White "FavierSagnesJu"]
[Black "GerardKelian"]
[WhiteElo "1178"]
[BlackElo "1056"]
[Mode "WEB"]
[Result "1-0"]

1. c4 e5 2. g3 f5 3. Bg2 Nf6 4. d3 Nc6 5. Nf3 Bb4+ 6. Bd2 Bc5 7. O-O d6 8. Nc3
Be6 9. a3 a6 10. Rb1 f4 11. b4 Ba7 12. gxf4 exf4 13. Bxf4 Qd7 14. Ng5 h6 15.
Nxe6 Qxe6 16. Qa4 b5 17. cxb5 axb5 18. Qxb5 Qd7 19. Bxc6 O-O 20. Bxd7 Rf7 21.
Be6 Rb8 22. Bxf7+ Kxf7 23. Qc4+ {GerardKelian a abandonné} 1-0

[Event "Tournament 14475 - Europe Echecs"]
[Site "Europe Echecs"]
[Date "2020.07.12"]
[Round "5"]
[Time "16:08:00"]
[PlyCount "62"]
[White "Razafindratsim"]
[Black "EugeneFloryan"]
[WhiteElo "2336"]
[BlackElo "2343"]
[Mode "WEB"]
[Result "1-0"]

1. e4 e5 2. Nf3 Nc6 3. Bb5 a6 4. Ba4 d6 5. c3 Bd7 6. O-O Nf6 7. Re1 g6 8. d4 Bg7
9. Nbd2 O-O 10. h3 Re8 11. Bc2 b5 12. Nf1 Na5 13. Ng3 c5 14. d5 b4 15. Nh2 Rb8
16. f4 exf4 17. Bxf4 Nc4 18. b3 Ne5 19. Qd2 bxc3 20. Qxc3 Nh5 21. Nxh5 Nf3+ 22.
Qxf3 Bxa1 23. Rxa1 gxh5 24. Bxd6 Rb6 25. e5 Qh4 26. Rf1 f5 27. Bxf5 Bxf5 28.
Qxf5 Qd4+ 29. Kh1 Qxd5 30. Qxh5 Rd8 31. Qg5+ {EugeneFloryan a abandonné} 1-0

[Event "Tournament 14475 - Europe Echecs"]
[Site "Europe Echecs"]
[Date "2020.07.12"]
[Round "5"]
[Time "16:08:00"]
[PlyCount "86"]
[White "DroinAugustin"]
[Black "MakkarRajat"]
[WhiteElo "2313"]
[BlackElo "2214"]
[Mode "WEB"]
[Result "1-0"]

1. e4 e5 2. Nf3 Nc6 3. Bb5 a6 4. Ba4 Nf6 5. O-O Be7 6. Re1 b5 7. Bb3 d6 8. c3
O-O 9. h3 Nb8 10. d4 Nbd7 11. Nbd2 Bb7 12. Bc2 Re8 13. Nf1 Bf8 14. Ng3 g6 15. a4
Bg7 16. Bg5 h6 17. Bd2 c6 18. b4 Qc7 19. Be3 Rad8 20. Qc1 Kh7 21. Bb3 d5 22.
exd5 Nxd5 23. Bd2 exd4 24. cxd4 N7b6 25. a5 Rxe1+ 26. Bxe1 Nc8 27. Ne4 Nce7 28.
Nc5 Nf5 29. Qb2 Bc8 30. Rd1 Nf4 31. Bc3 Ne7 32. Ne5 Ned5 33. Re1 Ne6 34. Nxe6
Bxe6 35. Bd2 Bf5 36. Qc1 Rc8 37. Bf4 Nxf4 38. Qxf4 Bxe5 39. Rxe5 Qd7 40. Qe3 Rd8
41. Re7 Qxd4 42. Rxf7+ Kh8 43. Rf8+ {MakkarRajat a abandonné} 1-0

[Event "Tournament 14475 - Europe Echecs"]
[Site "Europe Echecs"]
[Date "2020.07.12"]
[Round "5"]
[Time "16:08:00"]
[PlyCount "125"]
[White "BressyTheo"]
[Black "MateriaMarco"]
[WhiteElo "2289"]
[BlackElo "2269"]
[Mode "WEB"]
[Result "1/2-1/2"]

1. e4 c5 2. a3 e6 3. b4 cxb4 4. axb4 Bxb4 5. Bb2 Nf6 6. e5 Nd5 7. c4 Ne7 8. Qg4
O-O 9. Bd3 Nbc6 10. Nf3 Ng6 11. h4 Bc5 12. h5 Nge7 13. Qe4 g6 14. Ng5 Nf5 15.
Nxh7 Kxh7 16. hxg6+ Kg7 17. g4 fxg6 18. gxf5 Rxf5 19. f4 Nb4 20. Be2 Qf8 21. Rh4
Be7 22. Rg4 Rb8 23. Rxa7 Nc6 24. Ra1 b5 25. Qg2 Qf7 26. cxb5 Nb4 27. Kd1 Bb7 28.
Qg3 Rh8 29. Bf3 Bxf3+ 30. Qxf3 Nd5 31. Ra4 Rf8 32. Qxd5 exd5 33. e6+ Bf6 34.
exf7 Bxb2 35. Rb4 Ba1 36. b6 R5xf7 37. b7 Rb8 38. Rb6 d6 39. Rxd6 Bf6 40. Rxd5
Rfxb7 41. Nc3 Bxc3 42. dxc3 Rc8 43. Rg3 Rbc7 44. Kd2 Kf7 45. Rd6 Rc4 46. Rdxg6
Rxf4 47. Rg7+ Ke6 48. R7g6+ Kd7 49. Rd3+ Kc7 50. Rg7+ Kb8 51. Rg2 Rcf8 52. Re2
Rf2 53. Rde3 Rxe2+ 54. Kxe2 Kc7 55. Kd3 Rf4 56. Re5 Kd6 57. Rh5 Kc6 58. Re5 Ra4
59. Rh5 Rg4 60. Re5 Ra4 61. Rh5 Rg4 62. Re5 Ra4 {Nulle par répétition} 1/2-1/2

[Event "Tournament 14475 - Europe Echecs"]
[Site "Europe Echecs"]
[Date "2020.07.12"]
[Round "5"]
[Time "16:08:00"]
[PlyCount "66"]
[White "TravadonLoic"]
[Black "TomasiElise"]
[WhiteElo "2431"]
[BlackElo "2030"]
[Mode "WEB"]
[Result "1-0"]

1. d4 d5 2. c4 e6 3. Nc3 Be7 4. Nf3 Nf6 5. g4 c5 6. g5 Ne4 7. cxd5 exd5 8. dxc5
Nxc3 9. bxc3 Bxc5 10. h4 Nc6 11. h5 d4 12. Bb2 dxc3 13. Qxd8+ Nxd8 14. Bxc3 Ne6
15. h6 O-O 16. hxg7 Nxg7 17. e3 Bf5 18. Nh4 Bg6 19. Nxg6 fxg6 20. Bc4+ Kh8 21.
Ke2 Rac8 22. Rh6 Bd4 23. Bxd4 Rxc4 24. Rah1 Rxd4 25. Rxh7+ Kg8 26. Rh8+ Kf7 27.
Rxf8+ Kxf8 28. exd4 Ne6 29. Ke3 Nxg5 30. Rb1 b6 31. Rb3 Ke7 32. Ra3 a5 33. Rb3 {TomasiElise a abandonné} 1-0

[Event "Tournament 14475 - Europe Echecs"]
[Site "Europe Echecs"]
[Date "2020.07.12"]
[Round "5"]
[Time "16:08:00"]
[PlyCount "130"]
[White "JolyJulien"]
[Black "GrancherEtienn"]
[WhiteElo "2188"]
[BlackElo "1987"]
[Mode "WEB"]
[Result "1-0"]

1. e4 c5 2. Nf3 e6 3. g3 Nc6 4. Bg2 Nf6 5. Qe2 Be7 6. O-O d6 7. c3 O-O 8. d4 e5
9. dxe5 dxe5 10. Rd1 Qc7 11. Na3 Bg4 12. h3 Bxf3 13. Qxf3 a6 14. Nc4 Rfd8 15.
Bg5 Nd7 16. Bxe7 Nxe7 17. Bf1 b5 18. Ne3 Nb6 19. h4 Na4 20. Qe2 c4 21. h5 h6 22.
Qc2 Rac8 23. Bh3 Rb8 24. Rac1 Nc5 25. Bf1 Qc6 26. Bg2 Nd3 27. Rb1 Rd6 28. Qe2
Rbd8 29. Qg4 Qc5 30. Qe2 Kh8 31. Kh2 Rf6 32. Rf1 Rfd6 33. Ng4 Ng8 34. Ne3 Nf6
35. Rbd1 Qc7 36. Nf5 R6d7 37. Bf3 Nc5 38. Rxd7 Qxd7 39. Qe3 Ne6 40. Rd1 Qc7 41.
Kg2 Rxd1 42. Bxd1 Qd8 43. Be2 Kh7 44. Nh4 Ng8 45. Nf3 f6 46. Nh4 Ne7 47. Bg4 Qd6
48. Qa7 Nc5 49. Bf5+ Nxf5 50. Nxf5 Qf8 51. Nxg7 Qxg7 52. Qxc5 Qg5 53. Qe7+ Kg8
54. Qe8+ Kg7 55. Qd7+ Kg8 56. Qc8+ Kg7 57. Qxa6 Qxh5 58. Qxb5 Qe2 59. Qb7+ Kg6
60. Qd5 Kg5 61. Qg8+ Kh5 62. Qf7+ Kg5 63. Qg7+ Kh5 64. Qxf6 Qxe4+ 65. Qf3+ {GrancherEtienn a abandonné} 1-0

[Event "Tournament 14475 - Europe Echecs"]
[Site "Europe Echecs"]
[Date "2020.07.12"]
[Round "5"]
[Time "16:08:00"]
[PlyCount "76"]
[White "LamazeSimon"]
[Black "RollotFlorence"]
[WhiteElo "2185"]
[BlackElo "1973"]
[Mode "WEB"]
[Result "1-0"]

1. d4 Nf6 2. c4 c5 3. d5 b5 4. cxb5 a6 5. bxa6 g6 6. Nc3 Bxa6 7. g3 Bg7 8. Bg2
d6 9. Nf3 O-O 10. O-O Nbd7 11. Rb1 Ng4 12. Qc2 Qc7 13. b3 Rfb8 14. Bb2 Bb7 15.
a4 Ba6 16. Nd2 Nde5 17. h3 Nf6 18. f4 Ned7 19. Nc4 Nb6 20. Na3 Rc8 21. Rfd1 c4
22. b4 Bb7 23. a5 Nbd7 24. Nab5 Qb8 25. Nd4 Nf8 26. Ba1 e6 27. Nc6 Bxc6 28. dxc6
d5 29. b5 Rxa5 30. e4 dxe4 31. Qe2 Qb6+ 32. Kh2 Nd5 33. Nxd5 exd5 34. Bxg7 Kxg7
35. Rxd5 Kg8 36. Qxc4 e3 37. Re5 Ne6 38. Rxe6 {RollotFlorence a abandonné} 1-0

[Event "Tournament 14475 - Europe Echecs"]
[Site "Europe Echecs"]
[Date "2020.07.12"]
[Round "5"]
[Time "16:08:00"]
[PlyCount "83"]
[White "DelinValere"]
[Black "LecciaAntoine"]
[WhiteElo "2043"]
[BlackElo "1950"]
[Mode "WEB"]
[Result "1/2-1/2"]

1. e4 e5 2. Nf3 Nc6 3. Bb5 a6 4. Ba4 Nf6 5. O-O b5 6. Bb3 Bb7 7. d3 Be7 8. a4
O-O 9. Re1 d6 10. Nbd2 Na5 11. Ba2 c5 12. Nf1 Nc6 13. Bg5 h6 14. Bh4 Nh7 15.
Bxe7 Qxe7 16. Ne3 g6 17. Nd5 Qd8 18. Qd2 Kg7 19. c3 Nf6 20. d4 Re8 21. dxc5 dxc5
22. Rad1 c4 23. b3 cxb3 24. Bxb3 Na5 25. Ba2 Qd6 26. axb5 axb5 27. Rb1 Bc6 28.
h3 Rad8 29. Qe2 Nxe4 30. Qxe4 Bxd5 31. Bxd5 Qxd5 32. Qb4 Nc4 33. Qxb5 Nd2 34.
Nxd2 Qxd2 35. Rxe5 Rb8 36. Rxe8 Rxb5 37. Rxb5 Qc1+ 38. Kh2 Qf4+ 39. Kg1 Qc1+ 40.
Kh2 Qf4+ 41. Kg1 Qc1+ {Nulle par répétition} 1/2-1/2

[Event "Tournament 14475 - Europe Echecs"]
[Site "Europe Echecs"]
[Date "2020.07.12"]
[Round "5"]
[Time "16:08:00"]
[PlyCount "76"]
[White "KuhnClement"]
[Black "RebutPaul"]
[WhiteElo "2150"]
[BlackElo "1966"]
[Mode "WEB"]
[Result "1-0"]

1. e4 d5 2. exd5 Qxd5 3. d4 Nf6 4. Nc3 Qa5 5. Nf3 Bf5 6. Bc4 e6 7. Bd2 Bb4 8.
O-O O-O 9. a3 Bxc3 10. Bxc3 Qb6 11. Bd3 Bg6 12. Bxg6 hxg6 13. b3 Nc6 14. Qe2
Rad8 15. Bb2 Rd7 16. b4 Rfd8 17. c4 a6 18. Rad1 g5 19. h3 g4 20. hxg4 Nxg4 21.
Qe4 Nf6 22. Qh4 Nh7 23. g3 Ne7 24. Ne5 Nf5 25. Nxd7 Rxd7 26. Qf4 Qc6 27. d5 Qd6
28. Qxd6 Rxd6 29. dxe6 Rxe6 30. Rd8+ Nf8 31. Rfd1 Nd6 32. Bd4 b6 33. c5 Nf5 34.
cxb6 Nxd4 35. bxc7 Ne2+ 36. Kg2 Rc6 37. c8=Q Rxc8 38. Rxc8 {RebutPaul a abandonné} 1-0

[Event "Tournament 14475 - Europe Echecs"]
[Site "Europe Echecs"]
[Date "2020.07.12"]
[Round "5"]
[Time "16:08:00"]
[PlyCount "64"]
[White "ProfiliEmilio"]
[Black "DenningerGuilh"]
[WhiteElo "2053"]
[BlackElo "2065"]
[Mode "WEB"]
[Result "1-0"]

1. e4 c6 2. d4 d5 3. f3 e6 4. Nc3 Nf6 5. e5 Nfd7 6. f4 a6 7. Nf3 c5 8. Be3 Nc6
9. Qd2 g6 10. Be2 cxd4 11. Nxd4 Bg7 12. O-O O-O 13. Kh1 Qc7 14. Rae1 b5 15. Bg4
Nxd4 16. Bxd4 Nb6 17. Qf2 Na4 18. Nd1 Rb8 19. b3 Nb6 20. h4 Rd8 21. h5 Nd7 22.
Re3 b4 23. Rh3 g5 24. h6 Bh8 25. fxg5 Nxe5 26. Bh5 Rf8 27. c3 a5 28. g6 hxg6 29.
h7+ Kxh7 30. Bxg6+ Kg8 31. Bh7+ Kg7 32. Qf6# {DenningerGuilh est échec et mat} 1-0

[Event "Tournament 14475 - Europe Echecs"]
[Site "Europe Echecs"]
[Date "2020.07.12"]
[Round "5"]
[Time "16:08:00"]
[PlyCount "88"]
[White "HingouetMatthi"]
[Black "FondratJohan"]
[WhiteElo "2228"]
[BlackElo "1509"]
[Mode "WEB"]
[Result "1-0"]

1. d4 d5 2. c4 c6 3. Nf3 Nf6 4. Qc2 g6 5. Bf4 Bf5 6. Qb3 Qb6 7. Nbd2 Bg7 8. c5
Qxb3 9. axb3 O-O 10. h3 Ne4 11. e3 Nxd2 12. Kxd2 Nd7 13. b4 f6 14. b5 e5 15. Bh2
Rfc8 16. bxc6 bxc6 17. Ba6 Rcb8 18. Kc3 Kf7 19. b4 Be4 20. Ra2 Bxf3 21. gxf3 f5
22. Rha1 h6 23. Bf1 Rb7 24. Ra6 Rc7 25. Kb3 Nb8 26. R6a5 f4 27. exf4 exd4 28. f5
Re7 29. fxg6+ Kxg6 30. Bd3+ Kg5 31. Rg1+ Kf6 32. Bd6 Rd7 33. f4 Rxd6 34. Rg6+
Kf7 35. Rxd6 Bf6 36. b5 Be7 37. Rxh6 Bxc5 38. bxc6 Bf8 39. Rg6 Be7 40. f5 Bf6
41. Bb5 d3 42. Ra2 a6 43. c7 Nc6 44. Bxc6 {FondratJohan a abandonné} 1-0

[Event "Tournament 14475 - Europe Echecs"]
[Site "Europe Echecs"]
[Date "2020.07.12"]
[Round "5"]
[Time "16:08:00"]
[PlyCount "52"]
[White "SayaEthan"]
[Black "LecciaThomas"]
[WhiteElo "2199"]
[BlackElo "1893"]
[Mode "WEB"]
[Result "1-0"]

1. e4 e6 2. d4 d5 3. exd5 exd5 4. Nf3 Bd6 5. c4 Nf6 6. Be2 O-O 7. O-O dxc4 8.
Bxc4 Nc6 9. h3 Bf5 10. Nc3 Ne4 11. Re1 Nxc3 12. bxc3 Na5 13. Bd3 Qf6 14. Bg5 Qg6
15. Bxf5 Qxf5 16. Be7 Bxe7 17. Rxe7 Rac8 18. Qe2 Nc6 19. Re4 Qa5 20. c4 Rfd8 21.
Re1 h6 22. d5 Nb4 23. Re7 Kf8 24. Rxf7+ Kxf7 25. Qe6+ Kf8 26. Ne5 {LecciaThomas a abandonné} 1-0

[Event "Tournament 14475 - Europe Echecs"]
[Site "Europe Echecs"]
[Date "2020.07.12"]
[Round "5"]
[Time "16:08:00"]
[PlyCount "112"]
[White "RaclotLeo"]
[Black "LarmetNino"]
[WhiteElo "2124"]
[BlackElo "1818"]
[Mode "WEB"]
[Result "1-0"]

1. e4 e5 2. Nf3 Nc6 3. Bc4 Bc5 4. c3 Nf6 5. d4 exd4 6. e5 d5 7. Bb5 Ne4 8. cxd4
Bb6 9. Nc3 Bg4 10. Be3 O-O 11. h3 Bh5 12. Qb3 Nxc3 13. bxc3 h6 14. Bd3 Ne7 15.
g4 Bg6 16. Bxg6 Nxg6 17. h4 Ne7 18. h5 Qd7 19. Rg1 Kh7 20. a4 c6 21. Qc2+ Kh8
22. Nh4 Ng8 23. Nf5 Bd8 24. g5 Bxg5 25. Bxg5 hxg5 26. Rxg5 Nh6 27. Nxh6 gxh6 28.
Qf5 Qxf5 29. Rxf5 Rg8 30. Ke2 Raf8 31. Rb1 b6 32. Rf6 Kh7 33. Rxc6 Rg5 34. Rh1
Rd8 35. Rc7 Kg7 36. Rxa7 Rc8 37. e6 Rf5 38. Rxf7+ Rxf7 39. exf7 Kxf7 40. Kd3 Rc4
41. Rb1 Rxa4 42. Rxb6 Kg7 43. Rb7+ Kf6 44. Rd7 Ra2 45. Rxd5 Rxf2 46. c4 Rf5 47.
Rxf5+ Kxf5 48. c5 Kg4 49. c6 Kxh5 50. c7 Kg4 51. c8=Q+ Kh5 52. Qg8 Kh4 53. Qg6
h5 54. Ke3 Kh3 55. Kf3 h4 56. Qg2# {LarmetNino est échec et mat} 1-0

[Event "Tournament 14475 - Europe Echecs"]
[Site "Europe Echecs"]
[Date "2020.07.12"]
[Round "5"]
[Time "16:08:00"]
[PlyCount "96"]
[White "courjalpauline"]
[Black "SalvadorLucie"]
[WhiteElo "1848"]
[BlackElo "1979"]
[Mode "WEB"]
[Result "1-0"]

1. e4 e5 2. Nf3 Nc6 3. Bc4 Bc5 4. c3 Nf6 5. d3 O-O 6. Nbd2 a6 7. Bb3 b5 8. O-O
Bb7 9. Re1 d6 10. Nf1 h6 11. Ng3 Ne7 12. Nh4 c6 13. Ngf5 Nxf5 14. Nxf5 Bc8 15.
Qf3 Bxf5 16. exf5 Qb6 17. Qg3 Kh8 18. Qh4 Kh7 19. Re2 Nd5 20. Bxd5 cxd5 21. f6
Qd8 22. Bg5 Kg8 23. fxg7 Qxg5 24. gxf8=Q+ Rxf8 25. Qxg5+ hxg5 26. Rae1 Bb6 27.
g3 f5 28. Kg2 Kf7 29. f4 gxf4 30. gxf4 e4 31. d4 Rg8+ 32. Kf2 Rg4 33. Ke3 Rh4
34. Rg2 Rh3+ 35. Ke2 Rf3 36. Rf1 Rh3 37. Rff2 b4 38. Rg3 Rh4 39. Ke3 bxc3 40.
bxc3 a5 41. Rfg2 Rh8 42. a4 Rc8 43. Kd2 Bd8 44. Rg7+ Kf8 45. Rg8+ Ke7 46. R2g7+
Kf6 47. Rd7 Ke6 48. Rdxd8 {SalvadorLucie a perdu au temps} 1-0

[Event "Tournament 14475 - Europe Echecs"]
[Site "Europe Echecs"]
[Date "2020.07.12"]
[Round "5"]
[Time "16:08:00"]
[PlyCount "68"]
[White "DesfontaineVin"]
[Black "BaudouinSimon"]
[WhiteElo "1620"]
[BlackElo "1926"]
[Mode "WEB"]
[Result "1-0"]

1. e4 c5 2. Nf3 d6 3. d4 cxd4 4. Nxd4 Nf6 5. Nc3 a6 6. Be3 e5 7. Nb3 Be6 8. f3
h5 9. Qd2 Nbd7 10. O-O-O Be7 11. Be2 b5 12. g4 hxg4 13. fxg4 b4 14. Nd5 Nxe4 15.
Qxb4 Bxd5 16. Rxd5 Ndf6 17. Qa4+ Kf8 18. Ra5 Ng3 19. Re1 Rxh2 20. Bd1 Rc8 21.
Bg1 Rg2 22. Kb1 d5 23. Rxa6 d4 24. Rc6 Rxc6 25. Qxc6 Bb4 26. c3 dxc3 27. Bc5+
Kg8 28. Qxg2 Bxc5 29. Nxc5 Qb6 30. Nb3 Nfe4 31. Rxe4 Nxe4 32. Qxe4 cxb2 33. Bc2
f6 34. Kxb2 {BaudouinSimon a abandonné} 1-0

[Event "Tournament 14475 - Europe Echecs"]
[Site "Europe Echecs"]
[Date "2020.07.12"]
[Round "5"]
[Time "16:08:00"]
[PlyCount "69"]
[White "MorataJules"]
[Black "GuerinJuliette"]
[WhiteElo "1568"]
[BlackElo "1918"]
[Mode "WEB"]
[Result "0-1"]

1. e4 c5 2. d4 cxd4 3. c3 dxc3 4. Nxc3 Nc6 5. Nf3 e6 6. Bc4 a6 7. O-O Nge7 8.
Qe2 Ng6 9. Rd1 b5 10. Bb3 Be7 11. Bc2 O-O 12. b3 Bb7 13. Bb2 f6 14. Rac1 Rc8 15.
a4 b4 16. Na2 Qe8 17. Qd3 d6 18. Nd4 Nxd4 19. Qxd4 Nf4 20. Qe3 e5 21. Nxb4 Qg6
22. g3 Nh3+ 23. Kf1 a5 24. Nd5 Bxd5 25. exd5 Rxc2 26. g4 Rxf2+ 27. Ke1 Qxg4 28.
Qxf2 Nxf2 29. Kxf2 f5 30. Rg1 Bh4+ 31. Ke3 Qe4+ 32. Kd2 Bf2 33. Rgd1 Be3+ 34.
Kc3 Rc8# {MorataJules est échec et mat} 0-1